ESSENTIALS of clinical social work
Պահպանված է:
| Ձևաչափ: | Գիրք |
|---|---|
| Լեզու: | անգլերեն |
| Հրապարակվել է: |
Sages,
2014.
|
| Ցուցիչներ: |
Ավելացրեք ցուցիչ
Չկան պիտակներ, Եղեք առաջինը, ով նշում է այս գրառումը!
|
MARC
| LEADER | 00000nam a22000007a 4500 | ||
|---|---|---|---|
| 008 | 210531b ||||| |||| 00| 0 eng d | ||
| 020 | |a 978-1-4522-9153-6 | ||
| 245 | |a ESSENTIALS of clinical social work |c Jerrold R. Brandell |g xix, 522p.; ill | ||
| 260 | |b Sages, |c 2014. |h Los Angeles |i 692030 – Soc. Sci. |i 692031 |l HV689 .ES8 |m Psychiatric social work. |m Social case work. | ||
| 500 | |a “It includes references and index.” | ||
| 942 | |a lcc |c BK |e Adekanye, I. H. |f 31/05/2021 | ||
| 952 | |0 0 |1 0 |2 lcc |4 0 |6 HV0689 E S8 |7 0 |9 2532 |a HOL |b SSL |c GJ |d 2021-05-31 |l 0 |o HV689 .ES8 |p 2021-6384 |r 2021-05-31 00:00:00 |w 2021-05-31 |y BK | ||
| 952 | |0 0 |1 0 |2 lcc |4 0 |6 HV0689 E S8 |7 0 |9 2533 |a HOL |b HOL |c GJ |d 2021-05-31 |l 0 |o HV689 .ES8 |p 2021-6385 |r 2021-05-31 00:00:00 |w 2021-05-31 |y BK | ||
| 999 | |c 1317 |d 1317 | ||